[Event "POL-chT4B 0910"]
[Site "Wielkoposka"]
[Date "2010.01.10"]
[Round "1"]
[White "Czerniejewski, Pawel"]
[Black "Nowak, Lukasz"]
[Result "1-0"]
[WhiteElo "1600"]
[BlackElo "1687"]
[PlyCount "77"]
[EventDate "2010.01.10"]
[EventType "team-tourn"]
[EventRounds "9"]
[EventCountry "POL"]
[SourceTitle "EXT 2019"]
[Source "ChessBase"]
[SourceDate "2018.10.10"]
[SourceVersion "1"]
[SourceVersionDate "2018.10.10"]
[SourceQuality "1"]
[WhiteTeam "Slesin M-GOK Gambit"]
[BlackTeam "Gniezno LKS Chrobry III"]
[WhiteTeamCountry "POL"]
[BlackTeamCountry "POL"]

1. d4 c5 2. e3 Nf6 3. c4 cxd4 4. exd4 d6 5. Nc3 g6 6. Nf3 Bg7 7. Bd3 0-0 8. 0-0 Nc6 9. h3 Bd7 10. Re1 Rc8 11. a3 h6 12. d5 Nb8 13. Bd2 Na6 14. b4 e6 15. Rc1 Nc7 16. dxe6 Bxe6 17. Be3 b6 18. Qd2 Nce8 19. Ne4 Nxe4 20. Bxe4 Bxc4 21. Bxh6 d5 22. Bxg7 Kxg7 23. Ng5 b5 24. Bxd5 Nd6 25. Qd4+ Qf6 26. Qxf6+ Kxf6 27. Nh7+ Kg7 28. Nxf8 Kxf8 29. Red1 Ke7 30. Bxc4 Nxc4 31. Rc3 Rc6 32. Rd4 Ra6 33. Rdd3 Ke6 34. f4 Rd6 35. Rxd6+ Kxd6 36. Rd3+ Ke6 37. Kf2 Kf5 38. Kf3 g5 39. Rd5+ 1-0